Statistics for Disney Movie by Song - Click Quiz

Click here to take the quiz!

General Stats

  • This quiz has been taken 231 times
  • The average score is 15 of 19

Answer Stats

HintAnswer% Correct
Under the SeaThe Little Mermaid
97%
Let it GoFrozen
96%
Prince AliAladdin
95%
BelleBeauty and the Beast
95%
Hakuna MatataThe Lion King
93%
When I see an Elephant FlyDumbo
92%
The Bare NecessitiesThe Jungle Book
88%
Bibbidi-Bobbidi-BooCinderella
86%
How Far I'll GoMoana
81%
I'll Make a Man Out of YouMulan
79%
Just Around the RiverbendPocahontas
73%
At Last I See the LightTangled
72%
Once upon a DreamSleeping Beauty
68%
Bella NotteLady and the Tramp
65%
You'll Be in my HeartTarzan
64%
When you Wish upon a StarPinocchio
61%
Friends on the Other SidePrincess and the Frog
61%
I Won't Say (I'm in Love)Hercules
59%
Some Day my Prince Will ComeSnow White and the Seven Dwarfs
58%

Score Distribution

Percentile by Number Answered

Percent of People with Each Score

Your Score History

You have not taken this quiz